[Event "26th Christmas Open Masters"]
[Site "Zurich SUI"]
[Date "2002.12.27"]
[Round "2"]
[White "Carron,J"]
[Black "Jenni,F"]
[Result "1/2-1/2"]
[WhiteElo "2268"]
[BlackElo "2483"]

1.d4 Nf6 2.c4 e6 3.g3 c5 4.d5 exd5 5.cxd5 d6 6.Nc3 g6 7.Nf3 Bg7 8.Bg2 O-O
9.O-O Re8 10.h3 a6 11.a4 Nbd7 12.Bf4 Qc7 13.Rc1 Nh5 14.Bd2 b5 15.axb5 axb5
16.Nxb5 Qb6 17.Nc3 Ba6 18.Rb1 Rab8 19.Re1 Nhf6 20.Qc2 Bc4 21.e4 Bb3 22.Qc1 c4
23.Be3 Nc5 24.Bd4 Qc7 25.Bxc5 Qxc5 26.e5 dxe5 27.Nxe5 Ra8 28.Qf4  1/2-1/2

[Event "26th Christmas Open Masters"]
[Site "Zurich SUI"]
[Date "2002.12.29"]
[Round "6"]
[White "Raetsky,A"]
[Black "Knoedler,D"]
[Result "0-1"]
[WhiteElo "2423"]
[BlackElo "2338"]

1.d4 e6 2.c4 Nf6 3.g3 c5 4.Nf3 cxd4 5.Nxd4 d5 6.Bg2 e5 7.Nc2 d4 8.f4 Nc6
9.Bxc6+ bxc6 10.fxe5 Qa5+ 11.Qd2 Qxe5 12.Qxd4 Qh5 13.Qe3+ Be6 14.b3 Rd8 15.Bb2 Bc5
16.Qf3 Qxf3 17.exf3 Bf5  0-1

[Event "38th Junior"]
[Site "Hallsberg SWE"]
[Date "2002.12.31"]
[Round "4"]
[White "Olsson,L"]
[Black "Tikkanen,H"]
[Result "0-1"]
[WhiteElo "2291"]
[BlackElo "2313"]

1.d4 Nf6 2.c4 e6 3.g3 c5 4.d5 exd5 5.cxd5 b5 6.Bg2 d6 7.b4 Bb7 8.bxc5 dxc5
9.e4 Bd6 10.Bb2 O-O 11.Ne2 Re8 12.Nd2 Nbd7 13.O-O Rc8 14.Rc1 Be5 15.Bxe5 Nxe5
16.h3 Qb6 17.Kh2 c4 18.Nf4 b4 19.Nh5 c3 20.Nxf6+ Qxf6 21.Nb3 Ba6 22.f4 Nd3
23.e5 Qb6 24.Rc2 Nb2 25.Qd4 Qxd4 26.Nxd4 Bxf1 27.Bxf1 Nc4 28.d6 Red8 29.Kg1 a5
30.Kf2 a4 31.Bxc4 Rxc4 32.Ke3 Rb8 33.Kd3 Rc5 34.f5 b3 35.axb3 axb3 36.Nxb3 Rxb3
37.Kd4 Rc8 38.e6 Rb4+ 39.Kd5 Rb5+ 40.Kd4 fxe6 41.fxe6 Rd8 42.Kc4 Re5 43.Ra2 Rxe6  0-1

[Event "TCh-NOR Qualifier"]
[Site "NOR"]
[Date "2002.??.??"]
[Round "6"]
[White "Glenne,BE"]
[Black "Jansson,J"]
[Result "1-0"]
[WhiteElo "2235"]
[BlackElo "2259"]

1.d4 Nf6 2.c4 e6 3.g3 c5 4.d5 exd5 5.cxd5 b5 6.Bg2 Bb7 7.e4 d6 8.Nh3 g6 9.O-O Bg7
10.Nd2 O-O 11.f4 Nbd7 12.Nf2 Ne8 13.Nf3 Nc7 14.Re1 a6 15.Rb1 h6 16.h4 f5
17.e5 Nb6 18.exd6 Qxd6 19.Be3 Ncxd5 20.b4 cxb4 21.Ne5 Rad8 22.Qb3 Kh7 23.Rbd1 Bxe5
24.Bxb6 Qxb6 25.Rxe5 Nf6 26.Re7+ Kh8 27.Rxb7 Rxd1+ 28.Qxd1 Qc5 29.Bf3 Re8
30.Kg2 Qe3 31.Qd6 Qe6 32.Rb6 Qxd6 33.Rxd6 Kg7 34.Rxa6 Rd8 35.Ra7+ Kf8 36.Ra8 Rxa8
37.Bxa8 Ne8 38.Nd3 Nc7 39.Bf3 Ke7 40.Nxb4 Ne6 41.Kf2 Kd6 42.Ke3 Nd8 43.Bd5  1-0

[Event "38th Junior"]
[Site "Hallsberg SWE"]
[Date "2003.01.03"]
[Round "7"]
[White "Olsson,L"]
[Black "Gogin,R"]
[Result "0-1"]
[WhiteElo "2291"]
[BlackElo "2109"]

1.d4 Nf6 2.c4 e6 3.g3 c5 4.d5 exd5 5.cxd5 b5 6.Bg2 d6 7.Nh3 g6 8.O-O Bg7
9.f4 O-O 10.Nf2 Re8 11.e4 Nbd7 12.g4 h6 13.Qf3 Bb7 14.Qh3 Nh7 15.Nd2 c4 16.Rb1 Nc5
17.b4 Na4 18.Ba3 Nc3 19.Rbe1 Nxa2 20.g5 h5 21.Bf3 a5 22.Bxh5 axb4 23.Bb2 c3
24.Re3 cxb2 25.Ng4 Nxg5 26.fxg5 Qxg5 27.Rg3 Ra3 28.Nf3 Rxf3 29.Nf6+ Bxf6
30.Bxf3 Qc1 31.Qg2 Bd4+ 32.Kh1 Bg7 33.Bd1 b1=Q 34.Rxg6 fxg6 35.Qxg6 Qxe4+  0-1

[Event "LXIX ch-BRA"]
[Site "Brasilia BRA"]
[Date "2003.01.10"]
[Round "2"]
[White "Araujo,A"]
[Black "Pelikian,J"]
[Result "0-1"]
[WhiteElo "2275"]
[BlackElo "2407"]

1.d4 Nf6 2.c4 e6 3.g3 c5 4.Nf3 cxd4 5.Nxd4 Nc6 6.Nc3 Bb4 7.Nb3 d5 8.cxd5 Nxd5
9.Bd2 Nxc3 10.bxc3 Be7 11.Bg2 O-O 12.O-O e5 13.Be3 Qc7 14.f4 Rd8 15.Qe1 exf4
16.gxf4 Bf6 17.Rc1 Re8 18.Bd4 Nxd4 19.cxd4 Qb6 20.Qd2 Bg4 21.e3 Rad8 22.Nc5 Rxe3
23.Qxe3 Bxd4 24.Qxd4 Rxd4 25.Kh1 Bf5 26.Nb3 Rd8 27.Rfe1 Qf2 28.Bxb7 Qxf4
29.Bg2 g6 30.Rf1 Qa4 31.Rce1 Qxa2 32.Nc1 Qc4 33.Rf2 a5  0-1

[Event "ch-CZE"]
[Site "Lahucovice CZE"]
[Date "2003.02.19"]
[Round "2"]
[White "Haba,P"]
[Black "Berezjuk,S"]
[Result "1-0"]
[WhiteElo "2516"]
[BlackElo "2448"]

1.d4 Nf6 2.c4 e6 3.g3 c5 4.Nf3 cxd4 5.Nxd4 Qb6 6.Bg2 Bc5 7.e3 Nc6 8.Nf3 O-O
9.O-O Qa6 10.b3 d5 11.cxd5 exd5 12.Bb2 Nb4 13.Bd4 Bxd4 14.Nxd4 Bg4 15.Qd2 Nc6
16.Nc3 Rfd8 17.Nxc6 Qxc6 18.Rac1 Qd7 19.Qd4 h5 20.f3 Bh3 21.Rfd1 Bxg2 22.Kxg2 Qe7
23.Ne2 Qa3 24.Rc2 Rac8 25.Rdc1 Rc6 26.Rxc6 bxc6 27.Rc2 Rc8 28.Qc5 Qxc5 29.Rxc5 Nd7
30.Ra5 Rc7 31.Nd4 g6 32.h3 Kf8 33.g4 hxg4 34.hxg4 Ke7 35.Rxa7 Kd6 36.Ra6 Kc5
37.a3 Nb8 38.b4+ Kc4 39.Rb6 Nd7 40.Rxc6+ Rxc6 41.Nxc6 Kb3 42.g5 Kxa3 43.Kg3 Ka4
44.Kf4 Kb5 45.Ne5 Nf8 46.Nxf7 Kxb4 47.Ke5 Kc4 48.f4 Kd3 49.Kxd5 Kxe3 50.Ke5 Kf3
51.f5 gxf5 52.Kxf5 Ke3 53.Nd8  1-0

[Event "1st NAO GM"]
[Site "Paris FRA"]
[Date "2003.02.19"]
[Round "7"]
[White "Nikcevic,N"]
[Black "Maze,S"]
[Result "0-1"]
[WhiteElo "2468"]
[BlackElo "2407"]

1.d4 Nf6 2.c4 e6 3.g3 c5 4.Nf3 cxd4 5.Nxd4 a6 6.Bg2 Qc7 7.O-O Nc6 8.Nc3 Be7
9.b3 O-O 10.Bb2 Rb8 11.Rc1 Nxd4 12.Qxd4 b6 13.e4 d6 14.b4 Bd7 15.Rfe1 Rfc8
16.Bf1 Qb7 17.a4 Bf8 18.b5 a5 19.Ba3 e5 20.Qd2 Be6 21.Nd5 Nd7 22.Rc3 Nc5
23.Qc2 Bxd5 24.cxd5 g6 25.h4 Qe7 26.Qd2 Rc7 27.h5 Qf6 28.Bh3 Rd8 29.Kg2 Be7
30.Qe2 Kg7 31.Bc1 Kg8 32.Rh1 Bf8 33.hxg6 hxg6 34.Bf5 Bg7 35.Qg4 gxf5 36.exf5 e4
37.Rc2 Qe7 38.Rh6 f6 39.Rg6 Qf8 40.Bf4 Re7 41.Rc1 Nd3 42.Rh1 Nxf4+ 43.gxf4 Qf7
44.Rhh6 e3 45.Qh5 Qxg6+ 46.Qxg6 e2 47.Rh1 e1=Q 48.Rxe1 Rxe1 49.Qg3 Rc8 50.Qd3 Rc5
51.Kf3 Kf7 52.Qd2 Re7 53.Qd4 Re8 54.Qd3 Ke7 55.Kg4 Kd8 56.Kh5 Rh8+ 57.Kg4 Bf8
58.Kg3 Be7 59.Qe3 Rg8+ 60.Kf3 Rg7 61.Qe1 Kc7 62.Qh1 Kb7 63.Qe1 Rc4 64.Qd1 Rc3+
65.Ke2 Rh7 66.Qg1 Rc2+ 67.Kd3 Rc7 68.Qg2 Rh5 69.Ke4 Rh4 70.Ke3 Rc3+ 71.Kd2 Rc4
72.Qg7 Rc7 73.Qg3 Rh1 74.Qa3 Rb1 75.Ke2 Rbc1 76.Kd3 Bf8 77.Qb2 Be7 78.Qb3 Kc8
79.Kd2 Kd8 80.Kd3 Ke8 81.Kd2 Kf8 82.Kd3 Kg7 83.Kd4 R1c3  0-1

[Event "TCh-BEL 2002-3"]
[Site "Belgium BEL"]
[Date "2003.03.23"]
[Round "11"]
[White "Boeykens,M"]
[Black "Lamby,P"]
[Result "1-0"]
[WhiteElo "2234"]
[BlackElo "2154"]

1.d4 Nf6 2.c4 e6 3.g3 c5 4.Nf3 cxd4 5.Nxd4 Qc7 6.Qd3 a6 7.Nc3 d6 8.Bg2 Be7
9.O-O Nbd7 10.b3 Ne5 11.Qc2 Bd7 12.Bb2 Rc8 13.Rac1 O-O 14.a4 Rfd8 15.Rfd1 Nc6
16.Nf3 Qb6 17.Ba3 Nb4 18.Qd2 d5 19.cxd5 Nbxd5 20.Nxd5 Nxd5 21.Rxc8 Bxc8 22.Bxe7 Rd7
23.Rc1  1-0

[Event "Commonwealth Ch"]
[Site "Mumbai IND"]
[Date "2003.04.21"]
[Round "2"]
[White "Kunte,A"]
[Black "Prathamesh,S"]
[Result "1/2-1/2"]
[WhiteElo "2499"]
[BlackElo "2341"]

1.d4 Nf6 2.c4 e6 3.g3 c5 4.d5 exd5 5.cxd5 d6 6.Nc3 g6 7.Nf3 Bg7 8.Bg2 O-O
9.Nd2 a6 10.a4 Nbd7 11.O-O Rb8 12.Nc4 Ne8 13.Bf4 Qe7 14.Qd2 b6 15.Rab1 Ne5
16.Nxe5 dxe5 17.Bh6 Bxh6 18.Qxh6 f5 19.Qe3 Nd6 20.b4 cxb4 21.Rxb4 b5 22.axb5 axb5
23.Rfb1  1/2-1/2

[Event "III Mario Covas"]
[Site "Santos BRA"]
[Date "2003.04.25"]
[Round "5"]
[White "Hoffman,A"]
[Black "Milos,G"]
[Result "1/2-1/2"]
[WhiteElo "2485"]
[BlackElo "2586"]

1.d4 Nf6 2.c4 e6 3.g3 c5 4.d5 exd5 5.cxd5 d6 6.Nc3 g6 7.Bg2 Bg7 8.Nf3 O-O
9.O-O a6 10.a4 Re8 11.h3 Ne4 12.Nxe4 Rxe4 13.Nd2 Rb4 14.Ra2 b5 15.axb5 Nd7
16.Ne4 Qe7 17.Nc3 Nb6 18.bxa6 Rxa6 19.Rxa6 Bxa6 20.Re1 Nc4 21.Qc2 Qb7 22.Ne4 Qb6
23.g4 Nxb2 24.g5 Nc4 25.Nf6+ Bxf6 26.gxf6 Qd8 27.Qc3 Ne5 28.f4 Nd7 29.Bd2 Rd4
30.Ra1 Bb5 31.Qb2 Qxf6 32.Bc3 Qxf4 33.Bxd4 Qxd4+ 34.Qxd4 cxd4 35.Kf2 d3 36.Rb1 Bc4
37.exd3 Bxd3 38.Rb7 Bf5 39.Bf1 Kg7 40.Ke3 Kf6 41.Kd4 g5 42.Rb3 h5 43.Be2 h4
44.Re3 Nc5 45.Bf1 Bd7 46.Rf3+ Kg6 47.Rc3 f5 48.Rxc5 dxc5+ 49.Kxc5 Kf6 50.Kb6 Ba4
51.Be2 Bc2 52.Kc7  1/2-1/2

[Event "National I"]
[Site "Clermont-Ferrand FRA"]
[Date "2003.05.11"]
[Round "11"]
[White "Payen,A"]
[Black "Pelletier,Y"]
[Result "0-1"]
[WhiteElo "2363"]
[BlackElo "2623"]

1.d4 Nf6 2.c4 e6 3.g3 c5 4.d5 exd5 5.cxd5 b5 6.Bg2 d6 7.e4 Nbd7 8.f4 Bb7
9.Nh3 Be7 10.O-O Nb6 11.Nf2 O-O 12.g4 Ne8 13.Nc3 b4 14.Ne2 g6 15.g5 f5 16.gxf6 Bxf6
17.Ng3 Bd4 18.Kh1 Qh4 19.Nh3 Ba6 20.f5 Bxf1 21.Bg5 Bxg2+ 22.Kxg2 Nc4 23.Qf3 Ne5
24.Bxh4 Nxf3 25.Kxf3 gxf5 26.exf5 Ng7 27.Kg4 h5+  0-1

[Event "22nd Mitropa Cup"]
[Site "Pula CRO"]
[Date "2003.05.25"]
[Round "9"]
[White "Buhmann,R"]
[Black "Balinov,I"]
[Result "1/2-1/2"]
[WhiteElo "2526"]
[BlackElo "2446"]

1.d4 Nf6 2.c4 e6 3.g3 c5 4.Nf3 cxd4 5.Nxd4 Bb4+ 6.Nd2 Qc7 7.a3 Qxc4 8.Nf3 Bxd2+
9.Bxd2 Nc6 10.Bg2 d5 11.Bc3 Bd7 12.O-O O-O 13.Rc1 Qb5 14.b4 Ne4 15.Ba1 Rfd8
16.Nd2 Nd6 17.e4 d4 18.Nf3 e5 19.Rc5 Qb6 20.Nxe5 Nxe5 21.Rxe5 Nb5 22.Rc5 a5
23.e5 axb4 24.axb4 Bc6 25.Bxc6 bxc6 26.Qc1 Rac8 27.Rd1 Qb7 28.Qc4 Qd7 29.Rd2 Ra8
30.Bb2 Ra6 31.Kg2 Rb6 32.Qd3 Qe6 33.f4 g6 34.Rf2 Rd5 35.Rc4 Qf5 36.Qxf5 gxf5
37.Rd2 Ra6 38.Bxd4 Ra8 39.Kf2 Rad8 40.Ke3 h5 41.Rd3 Kh7 42.Rd2 Kg6 43.Rd3 R8d7
44.Rd2 h4 45.gxh4 Kh5 46.Rd1 Rd8 47.Rd2 R8d7 48.Rd1 Rd8 49.Rd2 R8d7 50.Rd1 Rd8
51.Rd2  1/2-1/2

[Event "17th Open"]
[Site "Pula CRO"]
[Date "2003.06.04"]
[Round "6"]
[White "Michelakis,G"]
[Black "Pandurevic,M"]
[Result "1-0"]
[WhiteElo "2405"]
[BlackElo "2280"]

1.d4 Nf6 2.c4 e6 3.g3 c5 4.Nf3 cxd4 5.Nxd4 Nc6 6.Bg2 Bb4+ 7.Nc3 O-O 8.O-O Qb6
9.Nc2 Be7 10.e4 d6 11.b3 a6 12.Be3 Qa5 13.Bd2 Qc7 14.Rc1 Bd7 15.Qe2 Rfc8
16.Rfd1 Rab8 17.h3 Be8 18.Kh1 Ne5 19.f4 Ng6 20.Nd4 Qc5 21.Be3 Qa5 22.f5 Nf8
23.Bd2 Qb6 24.Be1 N6d7 25.Nf3 Bf6 26.Na4 Qc7 27.Bb4 Nc5 28.e5 Be7 29.exd6 Bxd6
30.Rxd6 Qxd6 31.Rd1 Ne4  1-0

[Event "Master Open"]
[Site "Voronezh RUS"]
[Date "2003.06.13"]
[Round "2"]
[White "Chapliev,A"]
[Black "Sambuev,B"]
[Result "0-1"]
[WhiteElo "2376"]
[BlackElo "2484"]

1.d4 e6 2.c4 Nf6 3.g3 c5 4.d5 exd5 5.cxd5 g6 6.Qb3 Bg7 7.Qe3+ Qe7 8.Nc3 d6
9.Nb5 Nxd5 10.Nxd6+ Kd7 11.Qxe7+ Kxe7 12.Nxc8+ Rxc8 13.Bg2 Rd8 14.Bg5+ f6
15.O-O-O fxg5 16.Rxd5 Nd7 17.b3 c4 18.Nf3 cxb3 19.axb3 Rdc8+ 20.Kd2 Nc5 21.Rb1 Ne4+
22.Kd3 Nc3 23.Nd2 Nxd5 24.Bxd5 Rc3+ 25.Ke4 Kf8 26.e3 Re8+ 27.Kf3 Rd3  0-1

[Event "ch-SWE"]
[Site "Umea SWE"]
[Date "2003.06.29"]
[Round "1"]
[White "Tikkanen,H"]
[Black "Brynell,S"]
[Result "0-1"]
[WhiteElo "2337"]
[BlackElo "2538"]

1.d4 Nf6 2.c4 e6 3.g3 c5 4.Nf3 cxd4 5.Nxd4 d5 6.Bg2 e5 7.Nc2 d4 8.f4 Nc6
9.Bxc6+ bxc6 10.fxe5 Qa5+ 11.Qd2 Qxe5 12.Qxd4 Qh5 13.Bf4 Be6 14.Nd2 Bc5 15.Qe5 Bf2+
16.Kd1 Qxe5 17.Bxe5 Ng4 18.Bxg7 Rg8 19.Bd4 c5 20.h3 Bxd4 21.hxg4 Bxb2 22.Rb1 Be5
23.Ne3 Bd4 24.Nd5 Rd8 25.Rxh7 Rxg4 26.Rb7 Kf8 27.Nf4 Bd7 28.Rxa7 Rxg3 29.Nf3 Bc3
30.Nd3 Bg7 31.Rh5 Be6 32.Ne1 Bd4 33.Kd2 Bxc4 34.Ra4 Be6 35.Kc2 c4 36.Nb4 Rc3+
37.Kb1 Bg7  0-1

[Event "It"]
[Site "Pancevo YUG"]
[Date "2003.06.30"]
[Round "11"]
[White "Micic,C"]
[Black "Grigoriants,S RUS"]
[Result "0-1"]
[WhiteElo "2408"]
[BlackElo "2506"]

1.d4 Nf6 2.c4 e6 3.g3 c5 4.d5 exd5 5.cxd5 d6 6.Nc3 g6 7.Bg2 Bg7 8.Nf3 O-O
9.O-O Na6 10.Bf4 Nc7 11.a4 Re8 12.Re1 Ne4 13.Nxe4 Rxe4 14.Bg5 Qf8 15.Rb1 Bd7
16.b3 b5 17.a5 Rae8 18.Bf4 h6 19.Nd2 Rb4 20.e4 g5 21.Be3 f5 22.f4 fxe4 23.fxg5 hxg5
24.Qh5 Nxd5 25.Bxg5 Nf6 26.Bxf6 Qxf6 27.Bxe4 Qd4+ 28.Kh1 Rxe4 29.Nf3 Bc6  0-1

[Event "1st Stage Russian Cup"]
[Site "Tomsk RUS"]
[Date "2003.07.04"]
[Round "1"]
[White "Beletsky,A"]
[Black "Yakovlev,M"]
[Result "1/2-1/2"]
[WhiteElo "2418"]
[BlackElo "2176"]

1.d4 Nf6 2.c4 e6 3.g3 c5 4.d5 exd5 5.cxd5 d6 6.Nc3 g6 7.Bg2 Bg7 8.Nf3 O-O
9.O-O a6 10.a4 Nbd7 11.Nd2 Qc7 12.Nc4 Ng4 13.h3 Nge5 14.Na3 f5 15.f4 Nf7
16.Qd3 Rb8 17.Bd2 Nf6 18.Rab1 Re8 19.Kh2 Qe7 20.e3 Bd7 21.b4 Ne4 22.Nxe4 fxe4
23.Qb3 b5 24.axb5 axb5 25.Bc3 Nh6 26.Rfc1 c4 27.Qb2 Nf5 28.Nc2 Qf7 29.Bxg7 Nxg7
30.Rd1 Ra8 31.Ra1 Rxa1 32.Qxa1 Bc8 33.Qa5 Qb7 34.Rd4 Bf5 35.Qa1 h5 36.Qd1 Qd7
37.Na3 Ra8 38.Qc1 Ne8 39.Qb2 Nf6 40.Nb1 Kf7 41.Nc3 Qb7 42.Rd2  1/2-1/2

[Event "32nd TCh-GRE"]
[Site "Kallithea Chalkidiki GRE"]
[Date "2003.07.09"]
[Round "7"]
[White "Karapanos,N"]
[Black "Mastrovasilis,A"]
[Result "0-1"]
[WhiteElo "2243"]
[BlackElo "2499"]

1.d4 Nf6 2.c4 e6 3.g3 c5 4.d5 exd5 5.cxd5 d6 6.Bg2 g6 7.Nc3 Bg7 8.Nf3 O-O
9.O-O a6 10.a4 Nbd7 11.h3 Re8 12.Nd2 Rb8 13.Nc4 Ne5 14.Na3 Nh5 15.e4 Bd7
16.a5 Qxa5 17.g4 Nf6 18.f4 Nexg4 19.hxg4 Nxg4 20.Nc2 Qd8 21.Qe1 b5 22.Rxa6 b4
23.Rxd6 bxc3 24.bxc3 Qc7 25.e5 Qxd6 26.exd6 Rxe1 27.Rxe1 Bxc3 28.Rd1 Bf5
29.Na3 Bd4+ 30.Kf1 Re8 31.Rxd4 cxd4 32.Bh1 d3 33.Bd2 Ra8 34.Nc4 Ra1+  0-1

[Event "MTO"]
[Site "Biel SUI"]
[Date "2003.07.23"]
[Round "3"]
[White "Raetsky,A"]
[Black "Riazantsev,A"]
[Result "0-1"]
[WhiteElo "2438"]
[BlackElo "2533"]

1.d4 Nf6 2.c4 e6 3.g3 c5 4.Nf3 cxd4 5.Nxd4 d5 6.Bg2 e5 7.Nf3 d4 8.O-O Nc6
9.e3 Be7 10.exd4 exd4 11.Bf4 O-O 12.Ne5 Qb6 13.Qb3 Na5 14.Qb5 Be6 15.b3 Qxb5
16.cxb5 a6 17.Nd2 axb5 18.Ndf3 Rfd8 19.Rad1 Bc5 20.Bg5 h6 21.Bxf6 gxf6 22.Nd3 Bb6
23.Nd2 f5 24.Nf3 Nc6 25.Rd2 Bd5 26.Rc1 Be4 27.Nc5 Ba5 28.Rdd1 Bc3 29.Nh4 Bxg2
30.Kxg2 b4 31.Rc2 Rd5 32.Nd3 Rda5 33.Kf3 Kg7 34.Nf4 Ne5+ 35.Kg2 Kf6 36.Nh5+ Kg5
37.f4+ Kxh5 38.fxe5 Rxa2 39.Rxa2 Rxa2+ 40.Kf3 Kg5 41.Ng2 Rb2 42.h4+ Kg6 43.Nf4+ Kg7
44.Nh5+ Kf8 45.Ra1 d3 46.Nf6 Ke7 47.Nd5+ Kd7 48.Rd1 d2 49.Kf4 Rxb3 50.Kxf5 Ra3
51.Nf6+ Kc6 52.Ne4 Ra5  0-1

[Event "MTO"]
[Site "Biel SUI"]
[Date "2003.07.28"]
[Round "7"]
[White "Raetsky,A"]
[Black "Kurmann,O"]
[Result "1-0"]
[WhiteElo "2438"]
[BlackElo "2239"]

1.d4 e6 2.c4 Nf6 3.g3 c5 4.Nf3 b6 5.Bg2 Bb7 6.d5 exd5 7.Nh4 g6 8.O-O Bg7
9.Nc3 O-O 10.Bg5 h6 11.Bxf6 Bxf6 12.Nxg6 Re8 13.Nf4 Nc6 14.Bxd5 Bxc3 15.bxc3 Qf6
16.e3 Re7 17.Bg2 Qe5 18.Nd5  1-0

[Event "MTO"]
[Site "Biel SUI"]
[Date "2003.07.28"]
[Round "7"]
[White "Potterat,M"]
[Black "Zenklusen,R"]
[Result "0-1"]
[WhiteElo "2194"]
[BlackElo "2279"]

1.d4 Nf6 2.c4 e6 3.g3 c5 4.Nf3 cxd4 5.Nxd4 d5 6.Bg2 e5 7.Nf3 d4 8.O-O Nc6
9.a3 a5 10.e3 Bc5 11.exd4 exd4 12.Re1+ Be6 13.b3 O-O 14.Nbd2 Qb6 15.Ng5 Bg4
16.f3 Bf5 17.g4 Bc2  0-1

[Event "MTO"]
[Site "Biel SUI"]
[Date "2003.07.30"]
[Round "9"]
[White "Raetsky,A"]
[Black "Lehikoinen,P"]
[Result "1-0"]
[WhiteElo "2438"]
[BlackElo "2253"]

1.d4 Nf6 2.c4 e6 3.g3 c5 4.Nf3 cxd4 5.Nxd4 d5 6.Bg2 e5 7.Nc2 d4 8.f4 Nc6
9.O-O e4 10.Nd2 Bf5 11.Nb3 Be6 12.Kh1 Bxc4 13.Nbxd4 Bc5 14.Be3 Qb6 15.Nxc6 Bxe3
16.Nxe3 Qxe3 17.Qd6 bxc6 18.Qxc6+ Ke7 19.Qc7+ Kf8 20.Qxc4 g6 21.Rac1 Kg7
22.Rc3 Qd2 23.Bxe4 Nxe4 24.Qxe4 Rhe8 25.Rc2 Rxe4 26.Rxd2 Rae8 27.Rf2 a5 28.Kg2 a4
29.Kf1 Rc8 30.Rf3 Rc1+ 31.Kf2 Rh1 32.Kg2 Re1 33.Kf2 Rh1 34.h4 Rh2+ 35.Kf1 Rh1+
36.Kg2 Re1 37.Kf2 Rh1 38.Rc3 Rb1 39.Rc7 Rb4 40.Rdd7  1-0

[Event "MTO"]
[Site "Biel SUI"]
[Date "2003.08.01"]
[Round "11"]
[White "Raetsky,A"]
[Black "Taylor,P"]
[Result "1/2-1/2"]
[WhiteElo "2438"]
[BlackElo "2031"]

1.d4 Nf6 2.c4 e6 3.g3 c5 4.d5 exd5 5.cxd5 d6 6.Nc3 g6 7.Bg2 Bg7 8.Nf3 O-O
9.O-O a6 10.a4 Nbd7 11.h3 Re8 12.Nd2 Rb8 13.Nc4 Nb6 14.Na3 Bd7 15.g4 Nxa4
16.Nxa4 b5 17.Nc3 b4 18.Nab1 bxc3 19.Nxc3 Bb5 20.Bf4 h5 21.g5 Nh7 22.Nxb5 axb5
23.Qd2 Qe7 24.e4 Ra8 25.h4 Nf8 26.Ra5 Rxa5 27.Qxa5 b4 28.b3 Nd7 29.Qa6 Ne5
30.Bg3 Rd8 31.f3 Qc7 32.Rc1 Rb8 33.Kh1 Qb6 34.Qe2 Ra8 35.f4 Ng4 36.Bf3 Qa6
37.Qxa6 Rxa6 38.e5 Ne3 39.exd6 Bd4 40.Be4 Rxd6 41.f5 Rd7 42.fxg6 Nxd5 43.Rf1 Ne3
44.gxf7+ Rxf7 45.Rxf7 Kxf7 46.Bf4 Ke6 47.Bxe3 Bxe3 48.Kg2 Bd2 49.Bg6 Be1
50.Kh3 Ke5 51.Bxh5 Kf4 52.Bf7 Bf2 53.Be6 Be1 54.Bd7 Bf2 55.Bb5 Be1 56.Bc4 Bf2
57.Be6 Be1 58.g6 Bc3 59.Kg2 Bg7 60.Bd7 Bd4 61.Kf1 Bg7 62.Kf2 Bf8 63.Be6 Bg7  1/2-1/2

[Event "Acropolis WGM"]
[Site "Athens GRE"]
[Date "2003.08.29"]
[Round "5"]
[White "Sharevich,A"]
[Black "Kasioura,F"]
[Result "1-0"]
[WhiteElo "2299"]
[BlackElo "2007"]

1.d4 Nf6 2.c4 e6 3.g3 c5 4.d5 b5 5.dxe6 fxe6 6.Bg2 d5 7.cxd5 exd5 8.Nc3 Bb7
9.Nxb5 Qd7 10.Na3 Na6 11.Nf3 Bd6 12.O-O O-O 13.Ng5 Nc7 14.Nc4 Rae8 15.Nxd6 Qxd6
16.Bf4 Qb6 17.Qc2 Ne6 18.Nxe6 Rxe6 19.Be3 d4 20.Bxb7 Qxb7 21.Bg5 Ne4 22.Bc1 Kh8
23.f3 Qf7 24.Bf4 Nf6 25.Qxc5 Rxe2 26.Qxd4 Nd5 27.Rf2 Rxf2 28.Kxf2 Nxf4 29.gxf4 Qh5
30.Kg2 Qg6+ 31.Kh1 Qc6 32.Rf1 Qc7 33.Qe5 Qc2 34.Rg1 Rg8 35.f5 Qc6 36.Qe4 Qf6
37.b4 Rf8 38.Qb7 a6 39.a4 h6 40.Qd5 Rd8 41.Qe4 Qc3 42.b5 axb5 43.axb5 Qf6
44.Rb1 Rd2 45.b6 Qd8 46.b7 Qb8 47.f4 Rd8 48.Qe5 Qa7 49.b8=Q  1-0

[Event "Acropolis Open"]
[Site "Athens GRE"]
[Date "2003.08.30"]
[Round "6"]
[White "Koliopoulos,K"]
[Black "Danchenko,D"]
[Result "1-0"]
[WhiteElo "2140"]
[BlackElo "2008"]

1.d4 Nf6 2.c4 e6 3.g3 c5 4.Nf3 Be7 5.Bg2 O-O 6.O-O Na6 7.Nc3 d5 8.cxd5 exd5
9.Bg5 Be6 10.Rc1 Ne4 11.Bxe7 Qxe7 12.dxc5 Nxc3 13.Rxc3 Nxc5 14.Nd4 Rac8 15.Nxe6 fxe6
16.Qd4 b6 17.Rfc1 Qd7 18.e4 Rcd8 19.exd5 exd5 20.Rd1 Qf5 21.Rf3 Qc2 22.Qd2 Qxd2
23.Rxf8+ Kxf8 24.Rxd2 d4 25.Kf1 d3 26.b4 Na6 27.a3 Rd4 28.f4 Nc7 29.Kf2 Nb5
30.Ke3 Ke7 31.a4 Rxb4 32.axb5 Rxb5 33.Rxd3 a5 34.Bd5 a4 35.Bc6 Rb4 36.h3 Rc4
37.Bd5 Rb4 38.Rd4 Rb2 39.Rxa4 Kd6 40.Ra2 Rb1 41.Be4 Rb3+ 42.Bd3 b5 43.Ra7  1-0

[Event "Acropolis WGM"]
[Site "Athens GRE"]
[Date "2003.08.31"]
[Round "7"]
[White "Grapsa,G"]
[Black "Karahaliou,E"]
[Result "1/2-1/2"]
[WhiteElo "2104"]
[BlackElo "2106"]

1.d4 Nf6 2.c4 e6 3.g3 c5 4.Bg2 cxd4 5.Qxd4 Nc6 6.Qd1 Be7 7.Nc3 a6 8.Nf3 O-O
9.O-O Qc7 10.Bf4 d6 11.Rc1 Ne5 12.b3 Rb8 13.e4 b6 14.Qe2 Bb7 15.Rfd1 Rfd8
16.h3 Rbc8 17.g4 Nfd7 18.Be3 Nc5 19.Nd4 g5  1/2-1/2

[Event "FSGM October"]
[Site "Budapest HUN"]
[Date "2003.10.13"]
[Round "10"]
[White "Horvath,P1"]
[Black "Anka,E"]
[Result "1/2-1/2"]
[WhiteElo "2457"]
[BlackElo "2432"]

1.d4 Nf6 2.c4 e6 3.g3 c5 4.d5 exd5 5.cxd5 d6 6.Nc3 g6 7.Bg2 Bg7 8.Nf3 O-O
9.O-O Na6 10.Nd2 Nc7 11.a4 b6 12.Nc4 Ba6 13.Na3 Qd7 14.Bf4 Nh5 15.Bd2 f5
16.b3  1/2-1/2

[Event "YM"]
[Site "Zug SUI"]
[Date "2003.10.15"]
[Round "9"]
[White "Loetscher,R"]
[Black "Bromberger,S"]
[Result "0-1"]
[WhiteElo "2345"]
[BlackElo "2448"]

1.d4 Nf6 2.c4 e6 3.g3 c5 4.d5 exd5 5.cxd5 b5 6.Bg2 d6 7.e4 Qe7 8.Qe2 Nbd7
9.f4 Bb7 10.a4 b4 11.Nd2 O-O-O 12.Kd1 Re8 13.Bf3 c4 14.Qxc4+ Nc5 15.Nh3 Ba6
16.Qxb4 Nxd5 17.Qd4 Nf6 18.Nf2 d5 19.e5 Nfe4 20.Be2 Bb7 21.Ke1 Qc7 22.Ndxe4 dxe4
23.Be3 Nb3 24.Bg4+ Re6 25.Qd1 Nxa1 26.Bxe6+ fxe6 27.Qxa1 Qc4 28.Nd1 Bb4+
29.Kf2 Qc2+ 30.Kf1 Ba6+ 31.Kg1 Qe2 32.Qc1+ Kb7 33.h3 Rd8 34.Nf2 Rc8 35.Qd1 Qxe3
36.Qd7+ Rc7  0-1

[Event "Classics II IM"]
[Site "Gausdal NOR"]
[Date "2003.10.23"]
[Round "4"]
[White "Olsson,L"]
[Black "Siebrecht,S"]
[Result "1-0"]
[WhiteElo "2269"]
[BlackElo "2435"]

1.d4 Nf6 2.c4 e6 3.g3 c5 4.d5 exd5 5.cxd5 d6 6.Nc3 g6 7.Bg2 Bg7 8.Nf3 O-O
9.O-O a6 10.a4 Nbd7 11.Nd2 Rb8 12.Nc4 Nb6 13.Nxd6 Bg4 14.a5 Qxd6 15.Bf4 Qd7
16.Bxb8 Nc4 17.Bf4 Nh5 18.Bc1 Nd6 19.f3 Bh3 20.g4 Bxg2 21.Kxg2 Nf6 22.e4 Qe7
23.Bg5 h6 24.Bh4 g5 25.Bg3 Nd7 26.Qe2 Be5 27.Rfc1 h5 28.gxh5 f5 29.Kh1 f4
30.Bf2 Qh7 31.Rg1 Nf7 32.Rg2 Qxh5 33.Rag1 Rc8 34.d6 Bxc3 35.bxc3 Nde5 36.d7 Rd8
37.Bxc5 Rxd7 38.Bd4 Re7 39.Bxe5 Rxe5 40.Rd1 Rxa5 41.Rd5 Ra1+ 42.Rg1 Rxg1+
43.Kxg1 Qg6 44.e5 Qe6 45.Qe4 Kg7 46.c4 a5 47.Rb5 g4 48.fxg4 Nd6 49.Rb6 Qxg4+
50.Qg2 Qxg2+ 51.Kxg2 Nxc4 52.Rxb7+ Kg6 53.e6 a4 54.Ra7 a3 55.Kf3 Kf6 56.e7 Kf7
57.Kxf4 a2 58.Rxa2 Kxe7 59.Ra6 Nd6 60.h4 Ne8 61.Kg5 Kf7 62.Ra7+ Kf8 63.Kg6 Nd6
64.h5  1-0

[Event "WYb16"]
[Site "Halkidiki GRE"]
[Date "2003.10.23"]
[Round "1"]
[White "Tjurins,I"]
[Black "Bellaiche,A"]
[Result "0-1"]
[WhiteElo "2202"]
[BlackElo "2454"]

1.d4 Nf6 2.c4 e6 3.g3 c5 4.Nf3 cxd4 5.Nxd4 Bb4+ 6.Bd2 Be7 7.Bg2 O-O 8.O-O Nc6
9.Bf4 Qb6 10.Nb3 d5 11.cxd5 Nxd5 12.Bxd5 exd5 13.Nc3 d4 14.Nd5 Qd8 15.Nxe7+ Qxe7
16.Nxd4 Nxd4 17.Qxd4 Qxe2 18.Rfe1 Qf3 19.Re3 Qc6 20.Rc3 Qb5 21.Rc5 Qb6 22.Bc7 Qg6
23.Bf4 h6 24.Rc7 Bh3 25.Qd5 Rad8 26.Qxb7 Qd3 27.Qb3 Qe2 28.Rcc1 Qe4 29.f3 Qe2
30.Rc2 Rd1+ 31.Rxd1 Qxd1+ 32.Kf2 Re8 33.Be5 Qf1+  0-1

[Event "Classics II GM"]
[Site "Gausdal NOR"]
[Date "2003.10.24"]
[Round "5"]
[White "Hutters,T"]
[Black "Pilgaard,K"]
[Result "0-1"]
[WhiteElo "2418"]
[BlackElo "2459"]

1.c4 Nf6 2.d4 e6 3.g3 c5 4.Nf3 cxd4 5.Nxd4 Qc7 6.Nc3 a6 7.Bg2 Qxc4 8.O-O Qc7
9.Bg5 Nc6 10.Rc1 Be7 11.e4 O-O 12.Qd2 h6 13.Be3 Bb4 14.a3 Ba5 15.Rfd1 Bb6
16.h3 Ba7 17.Kh2 Re8 18.b4 Qd6 19.Na4 Qe7 20.f4 d5 21.Nxc6 bxc6 22.e5 Nh7
23.Rxc6 Bd7 24.Rc7 Bxe3 25.Qxe3 Qd8 26.Rxd7 Qxd7 27.Nc5 Qa7 28.f5 exf5 29.Bxd5 Rad8
30.Qf4 a5 31.Qxf5 axb4 32.e6 Ng5 33.exf7+ Nxf7 34.axb4 Kh8 35.Ne6 Rxd5 36.Qxd5 Qf2+
37.Kh1 Qxg3 38.Rf1  0-1

[Event "1st GM"]
[Site "Nagykanizsa HUN"]
[Date "2003.11.08"]
[Round "4"]
[White "Flumbort,A"]
[Black "Timoshenko,G"]
[Result "1/2-1/2"]
[WhiteElo "2467"]
[BlackElo "2548"]

1.d4 Nf6 2.c4 e6 3.g3 c5 4.Nf3 cxd4 5.Nxd4 Qc7 6.Nd2 b6 7.Bg2 Bb7 8.e4 a6
9.O-O d6 10.Re1 Be7 11.a4 Nc6 12.Nxc6 Bxc6 13.Nb3 O-O 14.a5 Rab8 15.axb6 Qxb6
16.Na5 Ba8 17.Ra4 Qc7 18.b4 Nd7 19.Bd2 Rfc8 20.Qe2 Ne5 21.Rc1 Qd7  1/2-1/2